00574nam a2200169Ia 4500008004100000020001500041041001200056082001600068100002300084245006200107260002900169300000800198650001600206942000700222999001500229952016000244221030s9999 xx 000 0 und d a8176563587 aEnglish a105.23bKan aY. Kanetkar ( PR ) 0aUnderstanding Pointers in C ( PR )cby Y. Kanetkar ( PR ) bBPB PubaNew Delhic2002 a501 aBE Computer cBK c6162d6162 pBE 7502g195.00l0o105.23 Kanr2022-10-30 00:00:00w2022-10-30yBK003Print4070aMIETLIBbMIETLIBcBL-Payment, FL-, CUP-0, SH-0, R-0d2002-01-2410HBE